00494 2200181 4500245005100000020002200051250001100073100001900084700001900103650001700122005001900139260003200158041001400190084001100204300002300215500006500238336000900303 aAku Seperti Ini KarenamucDesy AmbarwatihText a978-602-304-007-0 aCet. 1 aDesy Ambarwati aIkhsan Maulana aNovel Remaja a20230927070000 aJakartabKunci Aksarac2014 aIndonesia a808.83 a104 hlm. :c19 cm. aUngkapan-ungkapan kalimat tentang perasaan dan suasana hati. atext